Personnages d'anime (manga) en images - C - Statistiques

Statistiques générales
  • Ce quiz a été pris 189 fois
    183 depuis la dernière actualisation
  • Le résultat moyen est 4 sur 20
Statistiques - réponses
Par images Réponse % Correct
Crocus
52%
C.C
50%
Chiaotzu/Chaozu
48%
Chrome
38%
Caesar Anthonia Zeppeli
32%
Coyote Starrk
28%
Charmy Papittson
26%
Chomei
20%
Chuya Nakahara
14%
Caiman
11%
Cid Kageno
11%
Chisato Nishigiki
9%
Chomusuke
7%
Catherine
6%
Celty Sturluson
6%
Carrion
5%
Cerberus
5%
Chapati Lola
3%
Chise Hatori
3%
Chika Amatori
1%
Aucun quiz correspondant
Distribution des résultats
% des personnes avec chaque résultat
Percentile par nombre de réponses
Votre historique - résultats
Vous n’avez pas pris ce quiz depuis la dernière actualisation